| 000 | 02592cgm a2200553Ia 4500 | ||
|---|---|---|---|
| 001 | ocn849688883 | ||
| 003 | OCoLC | ||
| 005 | 20211102135210.0 | ||
| 007 | vd csaizq | ||
| 008 | 130620s2013 cau210 g vleng d | ||
| 020 | _a9781612387222 | ||
| 020 | _a1612387225 | ||
| 024 | 1 | _a161238722208 | |
| 035 | _a(OCoLC)849688883 | ||
| 040 |
_aJTA _beng _cJTA _dJTA _dOCLCO _dTEF _dOCLCA _dJAO _dOCLCF _erda |
||
| 043 | _ae-it--- | ||
| 092 | _aDVD 914 Ric | ||
| 100 | 1 |
_aSteves, Rick, _d1955- _epresenter. _913933 |
|
| 245 | 1 | 0 |
_aRick Steves' Europe. _pItaly's cities _h[videorecording] / _cRick Steves ; producer, Simon Griffith. |
| 246 | 3 | 0 | _aItaly's cities. |
| 246 | 1 |
_iTitle on cover art: _aRick Steves' Europe 2000-2014. |
|
| 257 | _aUnited States | ||
| 264 | 1 |
_aEmeryville, CA : _bAvalon Travel Publishing ; _aEdmonds, WA : _bBack Door Productions, _c2013. |
|
| 300 |
_a1 videodisc (3.5 hr.): _bsound, color ; _c4 3/4 in. |
||
| 336 | _atwo-dimensional moving image | ||
| 337 | _avideo | ||
| 338 | _avideodisc | ||
| 500 | _aCollective title from container, disc label, and menu screen. | ||
| 500 | _aOriginally issued with Blu-ray/DVD combo pack. | ||
| 500 | _aOriginally produced as episodes of the television program Rick Steves' Europe between 2000 and 2014. | ||
| 505 | 0 | _aRome : ancient glory -- Rome : Baroque brilliance -- Rome : back street riches -- Florence : heart of the Renaissance -- Florentine delights and Tuscan side trips -- Venice : city of dreams -- Venice and its lagoon. | |
| 508 | _aPhotographer, Karel Bauer ; editor, Steve Cammarano ; music, Jerry Frank. | ||
| 511 | 0 | _aHost, Rick Steves. | |
| 520 | _aContains seven episodes of the television program "Rick Steves' Europe" in which the host takes viewers on a tour of Italian cities, including Rome, Florence, and Venice. | ||
| 538 | _aBlu-ray Disc, widescreen; requires Blu-ray player; All regions, NTSC. | ||
| 651 | 0 |
_aItaly _xDescription and travel. _986302 |
|
| 651 | 0 |
_aItaly _xSocial life and customs. _986310 |
|
| 655 | 7 |
_aTravelogues (Television programs) _2lcgft. _95849764 |
|
| 655 | 7 |
_aTelevision programs for the hearing impaired. _2lcgft. _95673659 |
|
| 700 | 1 |
_aGriffith, Simon. _96432503 |
|
| 700 | 1 |
_aBauer, Karel, _d1960- _96432504 |
|
| 700 | 1 |
_aCammarano, Steve. _96432505 |
|
| 700 | 1 |
_aFrank, Jerry. _96432506 |
|
| 710 | 2 |
_aAvalon Travel Publishing. _96432507 |
|
| 710 | 2 |
_aBack Door Productions. _95849200 |
|
| 730 | 0 |
_aRick Steves' Europe (Television program) _95836652 |
|
| 907 | _a.b372245043 | ||
| 942 |
_2ddc _cDVD |
||
| 999 |
_c367154 _d367154 |
||